| 000 | 00576nam a22001577a 4500 | ||
|---|---|---|---|
| 003 | NUST | ||
| 082 | _a200 | ||
| 100 |
_aAnjum, Mahnoor _998760 |
||
| 245 |
_aQuality of Experience Aware System Level Optimization of IRS Assisted 3D-interconnected Communication Systems Using Machine Learning/ _cMahnoor Anjum |
||
| 264 |
_aIslamabad : _bSEECS, NUST, _c2022. |
||
| 300 | _a193 p. ; | ||
| 650 |
_aMS-Electrical Engineering _923567 |
||
| 700 |
_aSupervisor: Prof. Dr. Syed Ali Hassan _998761 |
||
| 856 | _uhttp://10.250.8.41:8080/xmlui/handle/123456789/30293 | ||
| 942 |
_2ddc _cSC |
||
| 999 |
_c591348 _d591348 |
||